Možnosti využitia e-learningu z pohľadu vyučujúcich
Využitie e-learningu v Metropolitnej univerzite Praha. Zavedenie e-formy do vzdelávania. Názory vyučujúcich na e-learning. Výhody a nevýhody e-learningu.
Uložené v:
| Hlavný autor: | |
|---|---|
| Ďalší autori: | |
| Médium: | Kapitola |
| Jazyk: | Slovak |
| Predmet: | |
| Tagy: |
Žiadne tagy, Buďte prvý, kto otaguje tento záznam!
|
MARC
| LEADER | 00000naa a2200000 4500 | ||
|---|---|---|---|
| 001 | 0134662 | ||
| 005 | 20220714120542.8 | ||
| 041 | 0 | |a slo | |
| 044 | |a CZ | ||
| 245 | 1 | 0 | |a Možnosti využitia e-learningu z pohľadu vyučujúcich |c Josef Abrhám, Zuzana Horváthová |
| 520 | |a Využitie e-learningu v Metropolitnej univerzite Praha. Zavedenie e-formy do vzdelávania. Názory vyučujúcich na e-learning. Výhody a nevýhody e-learningu. | ||
| 610 | 2 | 0 | |a vzdelávanie elektronické |
| 610 | 2 | 0 | |a učitelia |
| 610 | 2 | 0 | |a študenti |
| 610 | 2 | 0 | |a komunikácia elektronická |
| 610 | 2 | 0 | |a technológie informačné |
| 610 | 2 | 0 | |a technológie komunikačné |
| 610 | 2 | 0 | |a Česko |
| 100 | 1 | |a Abrhám, Josef | |
| 700 | 1 | |a Horváthová, Zuzana | |